Visualizzazione normale
Vista MARC
- Dylan Bob
di Personal Name
Records bibliografici associati: 1
001 - CONTROL NUMBER
- control field: 2158
003 - CONTROL NUMBER IDENTIFIER
- control field: IT-RoPau
005 - DATE AND TIME OF LATEST TRANSACTION
- control field: 20131115230250.0
008 - FIXED-LENGTH DATA ELEMENTS
- fixed length control field: 131115|| aca||aabn | a|a d
040 ## - CATALOGING SOURCE
- Original cataloging agency: IT-RoPau
- Transcribing agency: IT-RoPau
100 ## - HEADING--PERSONAL NAME
- Personal name: Dylan Bob
- Relator term: Autore testo e musica
- Miscellaneous information: Codice Autore Testo/Musica SPICS: 7026
670 ## - SOURCE DATA FOUND
- Source citation: Work cat.: (IT-RoPau)101534: Dylan Bob 1185, Blonde On Blonde (Doppio Lp Cbs S 66012)